=LDR 00000nam 2200000 4500 =001 NUTBA000000000005989 =005 20141117142936.0 =006 =007 =008 =020 ##$$a 978-602-8489-92-8 =035 ##$$a 0010-111400000000468 =040 ##$$a NBPDMAT =082 ##$$a 028.5 =090 ##$$a 028.5 $b Wen a =100 ##$$a Weni Rahayu =245 ##$$a Ayo mengenal buah berbiji banyak / $c Weni Rahayu =250 ##$$a Cet.1 =260 ##$$a Jakarta : $b Mediantara Semesta, $c 2012 =300 ##$$a iv, 12 hlm. : $b ilus. ; $c 17 cm. =500 ##$$a Bibliografi : hlm. 12 =650 ##$$a Bacaan Kanak - Kanak =850 ##$$a NBPDMAT